The souvenir museum : stories /

"Award-winning author Elizabeth McCracken is an undisputed virtuoso of the short story, and this new collection features her most vibrant and heartrending work to date"--

Bibliographic Details
Main Author: McCracken, Elizabeth (Author)
Format: Book
Language:English
Published: New York, NY : Ecco, an imprint of HarperCollinsPublishers, [2021]
Edition:First edition.
Subjects:

MARC

Tag First Indicator Second Indicator Subfields
LEADER 00000cam a2200000 i 4500
001 in00004440621
008 200904s2021 nyu e 000 1 eng
005 20250318213216.9
010 |a  2020040870 
019 |a 1224592669  |a 1224594499  |a 1229176539  |a 1244177037  |a 1247064557 
020 |a 9780062971289 
020 |a 006297128X  |q hardcover 
020 |a 9780063063167  |q large print ;  |q paperback 
020 |a 0063063166  |q large print ;  |q paperback 
020 |z 9780062971265  |q electronic book 
035 |a (OCoLC)on1175679732 
035 |a (OCoLC)1175679732  |z (OCoLC)1224592669  |z (OCoLC)1224594499  |z (OCoLC)1229176539  |z (OCoLC)1244177037  |z (OCoLC)1247064557 
040 |a DLC  |b eng  |e rda  |c DLC  |d OCLCO  |d OCLCF  |d TOH  |d MJ8  |d OCLCO  |d JAS  |d JPL  |d JTB  |d IUK  |d HQD  |d YDX  |d TXSCH  |d WZW  |d YU6  |d OCLCO  |d UtOrBLW 
042 |a pcc 
050 0 0 |a PS3563.C35248  |b S68 2021 
082 0 0 |a 813/.54  |2 23 
100 1 |a McCracken, Elizabeth,  |e author.  |0 http://id.loc.gov/authorities/names/n92111648 
245 1 4 |a The souvenir museum :  |b stories /  |c Elizabeth McCracken. 
250 |a First edition. 
264 1 |a New York, NY :  |b Ecco, an imprint of HarperCollinsPublishers,  |c [2021] 
300 |a 243 pages ;  |c 22 cm 
336 |a text  |b txt  |2 rdacontent 
337 |a unmediated  |b n  |2 rdamedia 
338 |a volume  |b nc  |2 rdacarrier 
520 |a "Award-winning author Elizabeth McCracken is an undisputed virtuoso of the short story, and this new collection features her most vibrant and heartrending work to date"--  |c Provided by publisher. 
520 |a In these stories, the mysterious bonds of family are tested, transformed, fractured, and fortified. A recent widower and his adult son ferry to a craggy Scottish island in search of puffins. An actress who plays a children's game show villainess ushers in the New Year with her deadbeat half brother. A mother pining for her children, feasts on loaves of challah to fill the void. A new couple navigates a tightrope walk toward love. And on a trip to a Texas water park with their son, two fathers each confront a personal fear. 
505 0 |a The Irish wedding -- Proof -- It's not you -- A splinter -- Mistress Mickle all at sea -- Birdsong from the radio -- The get-go -- Robinson Crusoe at the waterpark -- A walk-through human heart -- Two sad clowns -- The souvenir museum -- Nothing, darling, only darling, darling. 
650 0 |a Short stories  |v Fiction. 
650 0 |a Actresses  |v Fiction.  |0 http://id.loc.gov/authorities/subjects/sh2007100549 
650 0 |a Mothers  |v Fiction.  |0 http://id.loc.gov/authorities/subjects/sh2008107478 
650 0 |a Widowers  |v Fiction.  |0 http://id.loc.gov/authorities/subjects/sh2008113433 
650 7 |a Short stories.  |2 sears 
655 7 |a Short stories.  |2 lcgft  |0 http://id.loc.gov/authorities/genreForms/gf2014026542 
655 7 |a Short stories.  |2 fast  |0 (OCoLC)fst01726740 
655 7 |a Short stories.  |2 gsafd 
776 0 8 |i Online version:  |a McCracken, Elizabeth.  |t Souvenir museum.  |b First edition  |d New York : Ecco, an imprint of HarperCollins Publishers, [2021]  |z 9780062971265  |w (DLC) 2020040871 
852 8 |b pda,print  |z This title is available for the library to purchase for your use. Click the "Purchase It For Me" button to place a request. This item may take 5-10 business days to arrive. 
955 |a Print PDA title 
999 f f |s a1677870-d8e6-45ff-b3c1-b797073ee36f  |i 7396f521-02ba-3e3a-a66a-4fb7b3b21d0b  |t 0 
952 f f |a Texas A&M University  |b College Station  |c Sterling C. Evans Library  |d Purchase on Demand  |t 0  |e PS3563.C35248 S68 2021  |h Library of Congress classification 
998 f f |a PS3563.C35248 S68 2021  |t 0  |l Purchase on Demand